MARC details
| 000 -LEADER |
| fixed length control field |
01594nam a22003618a 4500 |
| 001 - CONTROL NUMBER |
| control field |
BK0007948092 |
| 003 - CONTROL NUMBER IDENTIFIER |
| control field |
DLC |
| 005 - DATE AND TIME OF LATEST TRANSACTION |
| control field |
20250307121339.0 |
| 008 - FIXED-LENGTH DATA ELEMENTS--GENERAL INFORMATION |
| fixed length control field |
081209s2009 nyu b 001 0 eng |
| 010 ## - LIBRARY OF CONGRESS CONTROL NUMBER |
| LC control number |
2008051382 |
| 020 ## - INTERNATIONAL STANDARD BOOK NUMBER |
| International Standard Book Number |
9780195136753 : HRD |
| Terms of availability |
$27.95 |
| 020 ## - INTERNATIONAL STANDARD BOOK NUMBER |
| International Standard Book Number |
0195136756 : HRD |
| Terms of availability |
$27.95 |
| 037 ## - SOURCE OF ACQUISITION |
| Source of stock number/acquisition |
Oxford Univ Pr, 2001 Evans rd, Cary, NC, USA, 27513 |
| Note |
SAN 202-5892 |
| 040 ## - CATALOGING SOURCE |
| Original cataloging agency |
DLC |
| Transcribing agency |
DLC |
| Description conventions |
rda |
| 050 00 - LIBRARY OF CONGRESS CALL NUMBER |
| Classification number |
E83.877 |
| Item number |
.W47 2009 |
| 082 00 - DEWEY DECIMAL CLASSIFICATION NUMBER |
| Classification number |
973.8/3 |
| Edition number |
22 |
| 092 ## - LOCALLY ASSIGNED DEWEY CALL NUMBER (OCLC) |
| Classification number |
973.8300 |
| 092 ## - LOCALLY ASSIGNED DEWEY CALL NUMBER (OCLC) |
| Classification number |
general nonfiction |
| Item number |
973.8 West, Elliot |
| 100 1# - MAIN ENTRY--PERSONAL NAME |
| Personal name |
West, Elliott, |
| Dates associated with a name |
1945- |
| 9 (RLIN) |
31922 |
| 245 14 - TITLE STATEMENT |
| Title |
The last Indian war : |
| Remainder of title |
the Nez Perce story / |
| Statement of responsibility, etc |
Elliott West. |
| 260 ## - PUBLICATION, DISTRIBUTION, ETC. (IMPRINT) |
| Place of publication, distribution, etc |
New York : |
| Name of publisher, distributor, etc |
Oxford University Press, |
| Date of publication, distribution, etc |
2009. |
| 263 ## - PROJECTED PUBLICATION DATE |
| Projected publication date |
0905 |
| 264 ## - Production, Publication, Distribution, Manufacture, and Copyright Notice. |
| Place of production, publication, distribution, manufacture |
New York : |
| Name of producer, publisher, distributor, manufacturer |
Oxford University Press, |
| Date of production, publication, distribution, manufacture, or copyr |
2009. |
| 300 ## - PHYSICAL DESCRIPTION |
| Extent |
p. cm. |
| 490 0# - SERIES STATEMENT |
| Series statement |
Pivotal moments in American history. |
| 504 ## - BIBLIOGRAPHY, ETC. NOTE |
| Bibliography, etc |
Includes bibliographical references and index. |
| 520 ## - SUMMARY, ETC. |
| Summary, etc |
"This newest volume in Oxford's acclaimed Pivotal Moments series offers an unforgettable portrait of the Nez Perce War of 1877, the last great Indian conflict in American history. It was, as Elliott West shows, a tale of courage and ingenuity, of desperate struggle and shattered hope, of short-sighted government action and a doomed flight to freedom."<br/> |
| 600 00 - SUBJECT ADDED ENTRY--PERSONAL NAME |
| Personal name |
Joseph, |
| Titles and other words associated with a name |
Nez Percé Chief, |
| Dates associated with a name |
1840-1904. |
| 9 (RLIN) |
6189658 |
| 650 #0 - SUBJECT ADDED ENTRY--TOPICAL TERM |
| Topical term or geographic name as entry element |
Nez Percé Indians |
| General subdivision |
Wars, 1877. |
| 9 (RLIN) |
88562 |
| 650 #0 - SUBJECT ADDED ENTRY--TOPICAL TERM |
| Topical term or geographic name as entry element |
Nez Percé Indians |
| General subdivision |
History |
| Chronological subdivision |
19th century. |
| 9 (RLIN) |
6509697 |
| 650 #0 - SUBJECT ADDED ENTRY--TOPICAL TERM |
| Topical term or geographic name as entry element |
Big Hole, Battle of the, Mont., 1877. |
| 9 (RLIN) |
6189659 |
| 942 ## - ADDED ENTRY ELEMENTS (KOHA) |
| Koha item type |
BOOK |
| Source of classification or shelving scheme |
Dewey Decimal Classification |